The Darling Dahlias and the naked ladies / Susan Wittig Albert.
The Dahlias become suspicious of the newest visitors to Depression-era Darling, Alabama, rumored to be the Naughty and Nice Sisters from the Ziegfeld Frolic, who specialize in dancing nearly naked, and dig for the truth when one of the pair denies the association.
Record details
- ISBN: 9780425251362 (pbk.)
- ISBN: 0425251365 (pbk.)
- Physical Description: xii, 288 pages ; 17 cm.
- Publisher: New York : Berkley Prime Crime, 2012, c2011.
Content descriptions
| Bibliography, etc. Note: | Includes bibliographical references (p. 287-8) and household tips and recipes. |
Search for related items by subject
| Subject: | Gardening > Societies, etc. > Fiction. Women gardeners > Fiction. Nineteen thirties > Fiction. Alabama > Fiction. |
| Genre: | Historical fiction. Mystery fiction. |
Search for related items by series
| LDR | 01447cam a2200325Ia 4500 | ||
|---|---|---|---|
| 001 | 136490 | ||
| 003 | CONS | ||
| 005 | 20171117133636.0 | ||
| 008 | 111116r20122011nyu 000 0 eng d | ||
| 020 | . | ‡a9780425251362 (pbk.) | |
| 020 | . | ‡a0425251365 (pbk.) | |
| 035 | . | ‡a(CPomAG)LMN564059 | |
| 082 | 0 | 4. | ‡a813/.54 ‡222 |
| 100 | 1 | . | ‡aAlbert, Susan Wittig. |
| 245 | 1 | 4. | ‡aThe Darling Dahlias and the naked ladies / ‡cSusan Wittig Albert. |
| 260 | . | ‡aNew York : ‡bBerkley Prime Crime, ‡c2012, c2011. | |
| 300 | . | ‡axii, 288 pages ; ‡c17 cm. | |
| 490 | 1 | . | ‡aDarling Dahlias mysteries |
| 504 | . | ‡aIncludes bibliographical references (p. 287-8) and household tips and recipes. | |
| 520 | . | ‡aThe Dahlias become suspicious of the newest visitors to Depression-era Darling, Alabama, rumored to be the Naughty and Nice Sisters from the Ziegfeld Frolic, who specialize in dancing nearly naked, and dig for the truth when one of the pair denies the association. | |
| 650 | 0. | ‡aGardening ‡xSocieties, etc. ‡vFiction. | |
| 650 | 0. | ‡aWomen gardeners ‡vFiction. | |
| 650 | 0. | ‡aNineteen thirties ‡vFiction. | |
| 651 | 0. | ‡aAlabama ‡vFiction. | |
| 655 | 7. | ‡aHistorical fiction. ‡2gsafd | |
| 655 | 7. | ‡aMystery fiction. ‡2gsafd | |
| 700 | 1 | . | ‡aAlbert, Susan Wittig. ‡tNaked ladies. |
| 800 | 1 | . | ‡aAlbert, Susan Wittig. ‡tDarling Dahlias mysteries. |
| 959 | . | ‡i32269000929045 ‡lF Alb ‡aAdult - Fiction ‡tFiction ‡g8.00 | |
| 852 | . | ‡p32269000929045 ‡jF Alb ‡gAdult - Fiction ‡cFiction ‡y8.00 ‡bSBPL | |
| 901 | . | ‡a136490 ‡bUnknown ‡c136490 ‡tbiblio | |